| 000 | 00543nam a2200193 a 4500 | ||
|---|---|---|---|
| 001 | 1769935627390 | ||
| 003 | YourLibrary | ||
| 005 | 20260201143128.0 | ||
| 008 | 260201s2008##################000#0#eng## | ||
| 020 | _a9780446538329 | ||
| 082 | 0 | 4 |
_a332.6324 _bMCE |
| 100 | 1 |
_aMcElroy, Ken, _eauthor. |
|
| 245 | 1 | 0 | _aRich Dad's Advisors: The Advanced Guide to Real Estate Investing : |
| 260 |
_bBusiness Plus, _c2008. |
||
| 300 | _a176 pages | ||
| 650 | 0 | _aBusiness & Economics. | |
| 942 | _cENGLISH | ||
| 040 |
_aYourLibrary _beng _cYourLibrary |
||
| 999 |
_c609669 _d609669 |
||